000 00616nam a2200229 a 4500
001 14050
003 BD - JhCC
005 20240526112655.0
008 180925s1964 enka 000 0 eng d
035 _a(BD-JhCC)14050
040 _aBD-JhCC
_dBD-JhCC
041 _aeng
050 0 _aHN385.5
082 _a941.0857
_219
_bAUS 1964
245 1 0 _aAustralia 1964 :
_bofficial handbook /
260 _aSydney :
_bAustralia;
_c1964.
300 _a316 p. :
_bill. ;
_c21 cm
651 0 _aAustralia
_xSocial conditions
710 _aCentral Office of Information
830 0 _aLiving through history
942 _2ddc
_cBK
999 _c14050
_d14050